<?xml version="1.0" encoding="UTF-8"?>
<marc:record xmlns:marc="http://www.loc.gov/MARC21/slim">
   <marc:leader>00000nam a2200000 a 4500</marc:leader>
   <marc:datafield ind1="1" ind2=" " tag="100">
      <marc:subfield code="a">Caskel, Julian</marc:subfield>
      <marc:subfield code="4">edt</marc:subfield>
      <marc:subfield code="e">Bearbeiter/-in</marc:subfield>
   </marc:datafield>
   <marc:datafield ind1="1" ind2=" " tag="100">
      <marc:subfield code="a">Hein, Hartmut</marc:subfield>
      <marc:subfield code="4">edt</marc:subfield>
      <marc:subfield code="e">Bearbeiter/-in</marc:subfield>
   </marc:datafield>
   <marc:datafield ind1=" " ind2=" " tag="653">
      <marc:subfield code="a">Geschichte 1920-2015</marc:subfield>
   </marc:datafield>
   <marc:datafield ind1=" " ind2=" " tag="653">
      <marc:subfield code="a">Dirigent</marc:subfield>
   </marc:datafield>
   <marc:datafield ind1=" " ind2=" " tag="653">
      <marc:subfield code="a">Softcover / Musik/Allgemeines</marc:subfield>
   </marc:datafield>
   <marc:datafield ind1=" " ind2=" " tag="653">
      <marc:subfield code="a">Lexika</marc:subfield>
   </marc:datafield>
   <marc:datafield ind1=" " ind2=" " tag="653">
      <marc:subfield code="a">Wörterbuch</marc:subfield>
   </marc:datafield>
   <marc:datafield ind1="0" ind2="0" tag="245">
      <marc:subfield code="a">Handbuch Dirigenten</marc:subfield>
   </marc:datafield>
   <marc:datafield ind1="0" ind2="0" tag="245">
      <marc:subfield code="b">250 Porträts</marc:subfield>
   </marc:datafield>
   <marc:datafield ind1="0" ind2="0" tag="245">
      <marc:subfield code="c">Julian Caskel, Hartmut Hein (Hrsg.)</marc:subfield>
   </marc:datafield>
   <marc:datafield ind1=" " ind2="1" tag="264">
      <marc:subfield code="a">Kassel</marc:subfield>
      <marc:subfield code="b">Bärenreiter</marc:subfield>
   </marc:datafield>
   <marc:datafield ind1="1" ind2=" " tag="520">
      <marc:subfield code="a">Angaben aus der Verlagsmeldung

Handbuch Dirigenten : 250 Porträts Hein; Handbuch Dirigenten

„Pultlegenden“ aus drei Jahrhunderten. Was macht die ganz besondere Klangsprache eines Dirigenten aus? Warum setzten manche Aufnahmen Maßstäbe in der Interpretationsgeschichte eines Werkes? Das Handbuch stellt in 250 Porträts die wichtigsten Dirigenten der symphonischen Musik und Oper von den Anfängen bis heute vor – sowohl „Stardirigenten“ als auch weniger bekannte Orchesterleiter. Jedes Porträt enthält biografische Daten, prägnante Beschreibungen des Interpretationsstils und der Klangästhetik, eine Auswahl von Ton- und Bildaufnahmen und Hinweise zu Schriften und Kompositionen. Darüber hinaus werden der historisch-kulturelle Kontext und aktuelle Entwicklungen des Dirigentenberufs beleuchtet. Ausführliche Register ermöglichen Recherchen nach Referenzaufnahmen einzelner Werke des Konzert- und Opernrepertoires.
</marc:subfield>
   </marc:datafield>
   <marc:datafield ind1=" " ind2=" " tag="020">
      <marc:subfield code="a">9783761821749</marc:subfield>
      <marc:subfield code="9">9783761821749</marc:subfield>
   </marc:datafield>
   <marc:datafield ind1=" " ind2=" " tag="020">
      <marc:subfield code="a">3476023923</marc:subfield>
      <marc:subfield code="9">3476023923</marc:subfield>
   </marc:datafield>
   <marc:datafield ind1=" " ind2=" " tag="041">
      <marc:subfield code="a">ger</marc:subfield>
   </marc:datafield>
   <marc:datafield ind1=" " ind2=" " tag="300">
      <marc:subfield code="a">421 Seiten</marc:subfield>
   </marc:datafield>
</marc:record>
